[Event "GER-chT U20"]
[Site "Braunschweig"]
[Date "2019.12.27"]
[Round "1.6"]
[White "Doepper, Anna Berenice"]
[Black "Meyer, Julian"]
[Result "1-0"]
[WhiteElo "1855"]
[BlackElo "1664"]
[PlyCount "121"]
[EventDate "2019.12.27"]
[EventType "team-swiss"]
[EventRounds "7"]
[EventCountry "GER"]
[SourceTitle "CBM 194 Extra"]
[Source "ChessBase"]
[SourceDate "2020.03.31"]
[SourceVersion "1"]
[SourceVersionDate "2020.03.31"]
[SourceQuality "1"]
[WhiteTeam "Essen Katernberg"]
[BlackTeam "Dresden TU"]
[WhiteTeamCountry "GER"]
[BlackTeamCountry "GER"]

1. e4 Nf6 2. e5 Nd5 3. d4 d6 4. Nf3 Nc6 5. exd6 exd6 6. c4 Nb6 7. Bd3 Bg4 8. Be3 Be7 9. Nbd2 Qd7 10. a3 h5 11. Qc2 g6 12. d5 Ne5 13. Nxe5 dxe5 14. Qc3 Bf6 15. Ne4 Bg7 16. Bg5 0-0 17. Nf6+ Bxf6 18. Bxf6 Rfe8 19. 0-0 Bf5 20. Rfe1 Bxd3 21. Qxd3 Qd6 22. Bg5 c6 23. b4 Kg7 24. Rad1 f6 25. Be3 Rad8 26. Qb3 Qd7 27. dxc6 Qxc6 28. c5 Nd7 29. Rd6 Nxc5 30. bxc5 Rxd6 31. cxd6 Qxd6 32. Qxb7+ Re7 33. Qb4 Qe6 34. Rd1 Rd7 35. Rxd7+ Qxd7 36. h3 a6 37. Qb6 Qc8 38. Qa7+ Kf8 39. Qc5+ Qxc5 40. Bxc5+ Kf7 41. Kf1 Ke6 42. Ke2 Kd5 43. Bb4 Ke4 44. f3+ Kd4 45. Ba5 f5 46. Bb6+ Kd5 47. Ke3 Kc6 48. Ba5 Kd5 49. h4 Ke6 50. f4 e4 51. Kd4 Kd6 52. Bb4+ Kc6 53. a4 Kb6 54. Kd5 Kc7 55. a5 Kd7 56. Bc5 Kc7 57. Bb6+ Kd7 58. g3 Kc8 59. Ke6 Kb7 60. Kf6 Kc6 61. Kxg6 1-0